[Event "RUS-chT Blitz (Women)"]
[Site "Sochi"]
[Date "2022.10.17"]
[Round "6.7"]
[White "Kovalevskaya, Ekaterina"]
[Black "Badelka, Olga"]
[Result "0-1"]
[WhiteElo "2354"]
[BlackElo "2416"]
[PlyCount "107"]
[EventDate "2022.10.17"]
[EventType "team-swiss (blitz)"]
[EventRounds "11"]
[EventCountry "RUS"]
[SourceTitle "CBM 210 Extra"]
[Source "ChessBase"]
[SourceDate "2022.11.30"]
[SourceVersion "1"]
[SourceVersionDate "2022.11.30"]
[SourceQuality "1"]
[WhiteTeam "Moscow ShSM (W)"]
[BlackTeam "Cheliabinsk Yuzhnyy Ural (W)"]
[WhiteTeamCountry "RUS"]
[BlackTeamCountry "RUS"]

1. Nf3 Nf6 2. g3 d5 3. Bg2 e6 4. 0-0 Be7 5. c4 d4 6. d3 0-0 7. e3 c5 8. exd4 cxd4 9. Na3 Nc6 10. Nc2 a5 11. Re1 Re8 12. Bf4 Qb6 13. Rb1 Nd7 14. a3 a4 15. h4 Ra5 16. Bd2 Ra6 17. Nb4 Nxb4 18. axb4 Bxb4 19. Bxb4 Qxb4 20. Nxd4 Nc5 21. Nb5 Rd8 22. Re3 Bd7 23. Qe1 Qxe1+ 24. Rbxe1 Bxb5 25. cxb5 Rb6 26. Re5 Rxb5 27. Bf1 Ra5 28. Rc1 b6 29. Rc3 f6 30. Re1 Rd4 31. Rc4 Rxc4 32. dxc4 Ra7 33. Rd1 Rd7 34. Rxd7 Nxd7 35. f3 Nc5 36. Kf2 Kf7 37. Ke3 e5 38. f4 Ke6 39. Bh3+ Kd6 40. h5 h6 41. Bf5 Ne6 42. Bc2 Nc5 43. Bd1 exf4+ 44. gxf4 Nb3 45. Bxb3 axb3 46. Kd4 f5 47. Kc3 Ke6 48. Kxb3 g5 49. hxg6 h5 50. Kc3 h4 51. b4 h3 52. c5 bxc5 53. b5 h2 54. g7 0-1

[Event "RUS-chT Blitz (Women)"]
[Site "Sochi"]
[Date "2022.10.17"]
[Round "5.11"]
[White "Kovalevskaya, Ekaterina"]
[Black "Baranova, Elizaveta"]
[Result "1-0"]
[WhiteElo "2354"]
[BlackElo "1946"]
[PlyCount "127"]
[EventDate "2022.10.17"]
[EventType "team-swiss (blitz)"]
[EventRounds "11"]
[EventCountry "RUS"]
[SourceTitle "CBM 210 Extra"]
[Source "ChessBase"]
[SourceDate "2022.11.30"]
[SourceVersion "1"]
[SourceVersionDate "2022.11.30"]
[SourceQuality "1"]
[WhiteTeam "Moscow ShSM (W)"]
[BlackTeam "Cheliabinsk Yuzhnyy Ural (W) III"]
[WhiteTeamCountry "RUS"]
[BlackTeamCountry "RUS"]

1. Nf3 d5 2. g3 Nc6 3. d4 Bf5 4. Bg2 e6 5. 0-0 Nb4 6. Na3 c6 7. c3 Na6 8. Nc2 Nf6 9. Ne5 Be7 10. Ne3 Be4 11. f3 Bg6 12. g4 Bd6 13. h4 h5 14. Nxg6 fxg6 15. g5 Ng8 16. Bh3 Qd7 17. Ng2 Ne7 18. e4 0-0-0 19. Qe2 Rde8 20. Re1 dxe4 21. fxe4 Bg3 22. Rf1 Rhf8 23. Bf4 Bxf4 24. Nxf4 Nc7 25. Qc4 Qd6 26. e5 Qd8 27. Nxe6 Nxe6 28. Qxe6+ Kb8 29. Rxf8 Rxf8 30. Rf1 Rxf1+ 31. Kxf1 Qf8+ 32. Ke2 Nd5 33. Ke1 Nf4 34. Qd7 Nxh3 35. Qxh3 Qf4 36. Ke2 Kc7 37. Qe3 Qh2+ 38. Kd3 Qxh4 39. e6 Kd8 40. Qe5 Qh3+ 41. Kc4 Qf1+ 42. Kc5 Qb5+ 43. Kd6 Qxe5+ 44. Kxe5 Ke7 45. c4 h4 46. Kf4 Kxe6 47. Kg4 b6 48. Kxh4 Kf5 49. Kg3 Kxg5 50. Kf3 Kf5 51. b3 g5 52. a3 g6 53. a4 a6 54. b4 g4+ 55. Ke3 g5 56. b5 axb5 57. c5 bxc5 58. a5 g3 59. a6 g2 60. Kf2 b4 61. a7 b3 62. a8Q c4 63. Qxc6 b2 64. Qb5+ 1-0

[Event "RUS-chT Blitz (Women)"]
[Site "Sochi"]
[Date "2022.10.17"]
[Round "9.11"]
[White "Kovalevskaya, Ekaterina"]
[Black "Zhapova, Yana"]
[Result "1-0"]
[WhiteElo "2354"]
[BlackElo "2220"]
[PlyCount "79"]
[EventDate "2022.10.17"]
[EventType "team-swiss (blitz)"]
[EventRounds "11"]
[EventCountry "RUS"]
[SourceTitle "CBM 210 Extra"]
[Source "ChessBase"]
[SourceDate "2022.11.30"]
[SourceVersion "1"]
[SourceVersionDate "2022.11.30"]
[SourceQuality "1"]
[WhiteTeam "Moscow ShSM (W)"]
[BlackTeam "Novosibirsk (W)"]
[WhiteTeamCountry "RUS"]
[BlackTeamCountry "RUS"]

1. Nf3 d5 2. g3 Nd7 3. d4 Nb6 4. Bg2 Bf5 5. 0-0 e6 6. Ne5 h6 7. Nd2 Nf6 8. c4 c6 9. c5 Nbd7 10. Ndf3 Be7 11. Bd2 0-0 12. b4 Qc7 13. Bf4 Qc8 14. a4 b6 15. cxb6 axb6 16. Rc1 c5 17. bxc5 bxc5 18. dxc5 Nxc5 19. Nd4 Qa6 20. Nec6 Qb7 21. Nxe7+ Qxe7 22. Nc6 Qb7 23. Rxc5 Rfc8 24. Na5 Qb4 25. Rb5 Qc3 26. Bd2 Qe5 27. Qb3 Bc2 28. Qe3 Qxe3 29. fxe3 Bxa4 30. Rb7 Rc2 31. Bb4 Rxe2 32. Re1 Rb2 33. Bc3 Rc2 34. Bxf6 gxf6 35. Nb3 Rc3 36. Nd4 Rac8 37. h4 Kg7 38. h5 Rd3 39. Ra1 Kg8 40. Rxa4 1-0